00406 2200145 4500001002100000005001500021035002000036245010600056100002000162300001200182260003200194082000800226084001400234990001200248INLIS00000000000183220250508010923 a0010-05250001241 aRangkuman Pengetahuan Umum Lengkap Disertai Susunan Kabinet Kerja 2014 - 2019 /cDrs. Bambang Gunawan0 aBambang Gunawan a232 hlm aSurabaya :bAnugerah,c2014 a300 a300 BAM r a0754772